| 000 | 03356cam a2200313 i 4500 | ||
|---|---|---|---|
| 001 | 121782 | ||
| 005 | 20230410101558.0 | ||
| 008 | 160203s2015 cu a r 000 0 spa d | ||
| 020 | _a9789593041959 | ||
| 020 | _a9593041958 | ||
| 041 | 0 | _aspa | |
| 050 | 1 | 4 |
_a107 PN 1993.5 _bP221 2015 |
| 082 | 0 | 0 | _a791.4397291 |
| 245 | 0 | 0 |
_aPara verte mejor 2 : _bpasajes del cine cubano en La Gaceta de Cuba / _cSelección de Noberto Codina; edición de Daniel García Santos |
| 260 |
_aLa Habana : _bEdiciciones ICAIC, _c2015 |
||
| 300 |
_a448 p. : _bill. ; _c21 cm. |
||
| 505 | 0 | 0 |
_tEl cine cubano entre dos siglos (bis) / _rNorberto Codina -- p.1. El reverso mítico -- _tEl cine cubano en cueros / _rLuciano Castillo -- _tEl reverso mítico de Elpidio Valdés / _rJusto Planas Cabrejas -- _tEl milagro fílmico de La Virgen de la Caridad / _rLuciano Castillo y Arturo Agramonte -- _tEl misterio de las aguas (crónicas de un día de rodaje) / _rArturo Soto -- p.2. Pantalla documentada -- _tEl diamante del Capitolio. Entrevista a Walfredo Piñera / _rDean Luis Reyes -- _tCine, cuerpo y trabajo : los montajes de Guillén Landrián / _rJulio Ramos -- _tBola y Rita : la memoria, la música y el amor / _rOctavio Cortázar -- _tParís bien vale este documental. Entrevista con el realizador Rogelio París / _rFélix Contreras -- _tSobre las cabras y el monte. Rigoberto Jiménez habla sobre la Televisión Serrana / _rArturo Arango -- _tLa década documentada. No ficción y reflexividad en el audiovisual cubano de los años 2000 / _rDean Luis Reyes -- p.3. El arte de actuar -- _tEslinda Núñez : mucho más que un rostro bello / _rSusadny González Rodríguez -- _tEl arte de saber esperar. Entrevista a Vladimir Cruz / _rCamilo Venegas -- _tLos minutos, la hora con Laurade la Uz / _rLuis Orlando Rodríguez -- _tAlina Rodríguez : el magisterio y la actuación / _rLuis Orlando Rodríguez -- p.4. La construcción de una imagen -- _tEntrevista a Fernando Pérez. La construcción de una imagen / _rVíctor Fowler -- _tNi oír ni dar consejos. Conversación con Fernando Pérez / _rZurelys López Amaya -- _tDe cierta manera, el subalterno sí puede hablar. Sara Gómez y la voz del otro en el cine cubano / _rGisela González-Dieter -- _tSenel Paz. A mí lo que me gusta es escribir / _rJuan Ramón Ferrera Vaillant -- p.5. Espacios y críticas -- _tEntre Cecilia y Alicia / _rArturo Arango -- _tMás allá del mar / _rDésirée Díaz -- _tCrítica de cine e institucionalidad medial en Cuba : ¿Cómo cambiar las reglas del juego? / _rHamlet Fernández -- _tExperimentación, independencia y alternatividad en el audiovisual contemporáneo cubano -- p.6. Cerca de Alfredo -- _tAlfredo Guevara (un recuerdo impactante) / _rManuel Pérez Paredes -- _tLos años 90, Alfredo Guevara y el cine cubano / _rKiki Alvarez -- _tDespedida en Verdana 13 / _rLuis Ernesto Dueñas -- _tEl gesto de Alfredo Guevara / _rJulio César Guanche. |
| 650 | 0 |
_aMotion pictures _xCommunist countries _xHistory. |
|
| 650 | 4 |
_aCine _xPaíses comunistas _xHistoria. |
|
| 650 | 0 |
_aMotion pictures _zCuba _xHistory. |
|
| 650 | 4 |
_aCine _zCuba _xHistoria. |
|
| 650 | 0 |
_aMotion pictures _zCuba _xHistory _y20th century. |
|
| 650 | 4 |
_aCine _zCuba _xHistoria _ySiglo XX. |
|
| 700 | 1 |
_aCodina, Norberto. _eselec. |
|
| 700 | 1 |
_aGarcía Santos, Daniel. _eed. |
|
| 700 | 1 |
_aCarbó Abreu, Jacqueline. _ediag. |
|
| 942 |
_2lcc _cbk |
||
| 946 | _aJaaM | ||
| 999 |
_c10347 _d10347 |
||